10 Plus Grandes Villes Par Département #1 - Statistiques

Statistiques générales
  • Ce quiz a été pris 224 fois
  • Le résultat moyen est 52 sur 140
Statistiques - réponses
Département
Ville
Population
(en milliers)
% Correct
Nord Lille 233
98%
Rhône Lyon 518
86%
Roubaix 98
84%
Dunkerque 86
82%
Alpes Maritimes Nice 341
82%
Rouen 111
81%
Finistère Brest 139
80%
Tourcoing 97
80%
Seine Maritime Le Havre 169
78%
Loire Atlantique Nantes 314
78%
Quimper 63
75%
Hérault Montpellier 290
72%
Cannes 73
71%
Moselle Metz 116
71%
Villeurbanne 150
71%
Saint Nazaire 70
69%
Loiret Orléans 116
68%
Pyrénées Atlantiques Pau 76
68%
Biarritz 25
67%
Bayonne 51
66%
Villeneuve d'Ascq 62
65%
Valenciennes 43
62%
Antibes 72
61%
Réunion Saint Denis 150
61%
Béziers 77
60%
Guyane Cayenne 63
60%
Hauts de Seine Boulogne Billancourt 121
58%
Melun 39
57%
Sète 43
56%
Saint Pierre 84
55%
Vénissieux 67
55%
Douai 39
53%
Dieppe 28
52%
Menton 30
51%
Nanterre 96
51%
Saint Jean de Braye 21
51%
Saint Jean de la Ruelle 16
51%
Saint Jean de Luz 14
51%
Saint Paul 103
51%
Grasse 48
50%
Concarneau 19
49%
Saint Laurent du Maroni 45
49%
Saint Laurent du Var 28
49%
Seine et Marne Meaux 55
48%
Montargis 14
47%
Thionville 40
46%
Saint Herblain 46
45%
Rezé 42
43%
Vaulx en Velin 50
43%
Anglet 39
42%
Kourou 24
42%
Le Tampon 79
42%
Morlaix 14
42%
Villefranche sur Saône 36
42%
Cambrai 32
41%
Bron 42
40%
Agde 29
39%
Forbach 21
39%
Levallois Perret 65
39%
Quimperlé 12
39%
Saint Étienne du Rouvray 28
39%
Le Grand Quevilly 25
37%
Cagnes sur Mer 51
36%
Le Petit Quevilly 22
36%
Asnières sur Seine 85
35%
Colombes 86
35%
Sarreguemines 20
35%
Antony 62
34%
Caluire et Cuire 42
34%
Saint Priest 46
34%
Sotteville lès Rouen 28
34%
Courbevoie 82
32%
Issy les Moulineaux 68
32%
Marcq en Barœul 38
32%
Orvault 26
32%
Saint Sébastien sur Loire 27
32%
Chelles 55
31%
Douarnenez 14
31%
Fécamp 18
31%
Hendaye 16
31%
Le Cannet 41
31%
Rueil Malmaison 77
30%
Carquefou 20
29%
Landerneau 15
29%
Saint André 56
29%
Torcy 22
29%
Wattrelos 40
29%
Oloron Sainte Marie 10
28%
Saint Benoît 37
28%
Lunel 26
27%
Fleury les Aubrais 21
25%
Montigny lès Metz 21
25%
Olivet 22
25%
Castelnau le Lez 21
24%
Clichy 62
24%
Mandelieu la Napoule 21
24%
Meyzieu 34
24%
Mont Saint Aignan 19
24%
Elbeuf 16
23%
Saint Louis 53
23%
Rillieux la Pape 30
22%
Vertou 25
21%
Guipavas 14
20%
Orthez 10
20%
Plougastel Daoulas 13
19%
Frontignan 22
18%
Pontault Combault 37
18%
Saint Joseph 37
17%
Vallauris 27
16%
Bouguenais 19
15%
Le Port 33
15%
Roissy en Brie 22
15%
Gien 13
14%
Lattes 16
14%
Saint Leu 34
14%
Couëron 21
13%
Maripasoula 11
13%
Saran 16
13%
Bussy Saint Georges 26
12%
Champs sur Marne 25
12%
Woippy 13
12%
Matoury 32
10%
Mauguio 16
10%
Villeparisis 26
10%
Hayange 15
9%
Saint Avold 15
9%
Savigny le Temple 29
9%
Plouzané 12
8%
Remire Montjoly 26
8%
Amilly 13
6%
Mèze 12
6%
Yutz 16
6%
Châlette sur Loing 12
5%
Lons 13
5%
Billière 12
4%
Fameck 14
4%
Macouria 15
3%
Mana 11
3%
Apatou 9
2%
Grand Santi 8
2%
Aucun quiz correspondant
Distribution des résultats
% des personnes avec chaque résultat
Percentile par nombre de réponses
Votre historique - résultats
Vous n’avez pas pris ce quiz